Marianela / (Registro nro. 30734)

Detalles MARC
000 -LEADER
fixed length control field 01143nam a22002657a 4500
003 - CONTROL NUMBER IDENTIFIER
control field OSt
005 - DATE AND TIME OF LATEST TRANSACTION
control field 20240712142744.0
008 - FIXED-LENGTH DATA ELEMENTS--GENERAL INFORMATION
fixed length control field 240410q2011 sp er 001 fbspa d
020 ## - INTERNATIONAL STANDARD BOOK NUMBER
International Standard Book Number 9788497643696
037 ## - SOURCE OF ACQUISITION
Source of stock number/acquisition Donación
040 ## - CATALOGING SOURCE
Original cataloging agency CO-JMCR
Language of cataloging spa
Transcribing agency CO-JMCR
Modifying agency CO-JMCR
Description conventions rda
041 0# - LANGUAGE CODE
Language code of text/sound track or separate title spa
082 04 - DEWEY DECIMAL CLASSIFICATION NUMBER
Classification number A-N
Item number PERm
100 1# - MAIN ENTRY--PERSONAL NAME
Personal name Pérez Galdós, Benito,
Dates associated with a name 1843-1920
Relator term autor
9 (RLIN) 43565
245 10 - TITLE STATEMENT
Title Marianela /
Statement of responsibility, etc. Benito Pérez Galdós.
260 ## - PUBLICATION, DISTRIBUTION, ETC.
Place of publication, distribution, etc. Madrid :
Name of publisher, distributor, etc. Edimat libros ,
Date of publication, distribution, etc. ©2011
300 ## - PHYSICAL DESCRIPTION
Extent 214 páginas ;
Dimensions 19 cm.
490 ## - SERIES STATEMENT
Series statement Clásicos de la literatura ;
International Standard Serial Number 9788497647113
500 ## - GENERAL NOTE
General note Incluye índice.
520 3# - SUMMARY, ETC.
Summary, etc. [Marianela nos cuenta la trágica vida de la joven Nela, huérfana de quince años, pobre, fea y deforme, enamorada de Pablo, de familia adinerada, hermoso joven de diecinueve años, dotado de todas las perfecciones posibles, pero ciego. Convencido de que todo lo bueno debe ser hermoso, Pablo declara su amor a Marianela.]
650 14 - SUBJECT ADDED ENTRY--TOPICAL TERM
Source of heading or term JMCR
Topical term or geographic name entry element Novela española
Chronological subdivision SIglo XIX
9 (RLIN) 43567
650 24 - SUBJECT ADDED ENTRY--TOPICAL TERM
Source of heading or term JMCR
Topical term or geographic name entry element Literatura española
Chronological subdivision Siglo XIX
9 (RLIN) 43568
650 34 - SUBJECT ADDED ENTRY--TOPICAL TERM
Source of heading or term JMCR
Topical term or geographic name entry element Amor en la literatura
9 (RLIN) 634
942 ## - ADDED ENTRY ELEMENTS (KOHA)
Source of classification or shelving scheme Dewey Decimal Classification
Koha item type Books
Existencias
Withdrawn status Lost status Source of classification or shelving scheme Damaged status Not for loan Home library Current library Shelving location Date acquired Source of acquisition Total Checkouts Full call number Barcode Date last seen Copy number Price effective from Koha item type
    Dewey Decimal Classification     Biblioteca Pública José María del Castillo y Rada Biblioteca Pública José María del Castillo y Rada Fiction 01/06/2023 Donación   A-N PERm 201811900 04/10/2024 Ej.1 04/10/2024 Books